000 00569nam a2200217Ia 4500
003 OSt
005 20260619153523.0
008 210210b2007 xxu||||| |||| 00| 0 eng d
020 _a8189884174
040 _cAL
041 _aeng
082 _a304.8 SMIL
100 _aSmita
_9265804
245 _aLocked homes empty schools
_b: impact of distress seasonal migration on the rural poor
260 _aNew Delhi
_bNot Mentioned
_c2007
300 _a144p
690 _aMigration
_9265818
700 _aPrashant Panjiar
_9265819
906 _a064342
942 _2ddc
_cBK
999 _c116264
_d116264